The Modern State / (Record no. 184869)
[ view plain ]
| 000 -LEADER | |
|---|---|
| fixed length control field | 00482 a2200169 4500 |
| 003 - CONTROL NUMBER IDENTIFIER | |
| control field | Nust |
| 005 - DATE AND TIME OF LATEST TRANSACTION | |
| control field | 20230306105024.0 |
| 040 ## - CATALOGING SOURCE | |
| Transcribing agency | Nust |
| 082 ## - DEWEY DECIMAL CLASSIFICATION NUMBER | |
| Classification number | 320,WOO |
| 100 ## - MAIN ENTRY--PERSONAL NAME | |
| Personal name | Woolf Leonard |
| 9 (RLIN) | 49363 |
| 245 ## - TITLE STATEMENT | |
| Title | The Modern State / |
| Statement of responsibility, etc. | Leonard Woolf |
| 260 ## - PUBLICATION, DISTRIBUTION, ETC. | |
| Place of publication, distribution, etc. | London |
| Name of publisher, distributor, etc. | George |
| Linkage | 1944 |
| 505 ## - FORMATTED CONTENTS NOTE | |
| Formatted contents note | Can Democracy Survive? (Page-15), Social Institutions (Page-165), World Government (Page-253). |
| 600 ## - SUBJECT ADDED ENTRY--PERSONAL NAME | |
| Personal name | Leonard Woofe |
| 9 (RLIN) | 109791 |
| 650 ## - SUBJECT ADDED ENTRY--TOPICAL TERM | |
| Topical term or geographic name entry element | Modern State |
| 9 (RLIN) | 109792 |
| 942 ## - ADDED ENTRY ELEMENTS (KOHA) | |
| Source of classification or shelving scheme | |
| Koha item type | Book |
| Withdrawn status | Lost status | Source of classification or shelving scheme | Damaged status | Not for loan | Permanent Location | Current Location | Shelving location | Date acquired | Full call number | Barcode | Date last seen | Price effective from | Koha item type | Public note |
|---|---|---|---|---|---|---|---|---|---|---|---|---|---|---|
| Military College of Signals (MCS) | Military College of Signals (MCS) | General Stacks | 12/12/2016 | 320,WOO | MCS29525 | 12/08/2016 | 12/12/2016 | Book | Almirah No.73, Shelf No.4 |
